<?xml version="1.0" encoding="UTF-8"?>
<collection xmlns="http://www.loc.gov/MARC21/slim">
 <record>
  <leader>00994cam a2200169 7i4500</leader>
  <controlfield tag="001">0000136783</controlfield>
  <controlfield tag="005">20100905090000.0</controlfield>
  <controlfield tag="002">  0000001849</controlfield>
  <datafield tag="090" ind1="0" ind2="0">
   <subfield code="a">LP 7 FPE 2 2003 </subfield>
  </datafield>
  <datafield tag="100" ind1="0" ind2="#">
   <subfield code="a">Mawaddah Fida Farid </subfield>
  </datafield>
  <datafield tag="245" ind1="1" ind2="0">
   <subfield code="a">Laporan praktikum kaunseling di Sekolah Tunas Bakti Sungai Besi Kuala Lumpur  </subfield>
   <subfield code="c">Mawaddah Fida Farid.</subfield>
  </datafield>
  <datafield tag="260" ind1="#" ind2="#">
   <subfield code="a">Terengganu: </subfield>
   <subfield code="b">Kolej Universiti Sains dan Teknologi Malaysia, </subfield>
   <subfield code="c">2003.</subfield>
  </datafield>
  <datafield tag="300" ind1=" " ind2=" ">
   <subfield code="a">iv, 71 p.: </subfield>
   <subfield code="b">col.ill.; </subfield>
   <subfield code="c">30 cm..</subfield>
  </datafield>
  <datafield tag="502" ind1="#" ind2="#">
   <subfield code="a">Laporan Praktikum FPE (Sarjana Muda Pengurusan - Kaunseling) 2004</subfield>
  </datafield>
  <datafield tag="520" ind1="3" ind2="#">
   <subfield code="a">Sekolah ini pada mulanya diwujudkan sebagai seliaan Kem di Sungai Buloh di bawah pemerintahan kerajaan British pada tahun 1947 apabila 'Enakmen Juvanile Courts Ordinance 1947' dijadikan undang-undang supaya  Mahkamah Juvana berkuasa memperintahkan ak-budak lelaki yang melakukan kesalahan dari segi undang-undang, masuk ke Kem ini untuk latihan dan pemulihan akhlak</subfield>
  </datafield>
  <datafield tag="602" ind1="#" ind2="#">
   <subfield code="a">Latihan Industri FPE 2003</subfield>
  </datafield>
  <datafield tag="999" ind1=" " ind2=" ">
   <subfield code="a">1100032885</subfield>
   <subfield code="b">Book</subfield>
   <subfield code="c">Latihan Industri</subfield>
   <subfield code="e">BILIK ARKIB</subfield>
  </datafield>
 </record>
</collection>
